000 00801cab a2200217 4500
001 WB2521-04
008 090401t1989 xxu||||| |||| 00| 0 eng d
035 _a(Sirsi) u47247
041 _aeng
245 _aRent review arbitrations
260 _c1989
350 _a0
490 _aEGCS
_v1989 76
520 _aIn Ipswich Borough Council v Fison plc ChD 17 May 1989, which concerned the provision of rent reviews for a car park lease, an application by the plaintiffs to appeal the arbitrator`s award was granted.
650 _aARBITRATION ACT 1979 S1(3)
650 _aLUCAS INDUSTRIES PLC V WELSH DEVELOPMENT AGENCY
650 _aNEMA
690 _aMANAGEMENT-DISPUTE AVOIDANCE, MANAGEMENT AND RESOLUTION-DISPUTE MANAGEMENT AND RESOLUTION-ARBITRATION
942 _n0
948 _c04/03/1997
999 _c29801
_d29801